000 00674cam a2200241 a 4500
001 000016243
005 20200929164332.0
008 890113s1988 sp 000 f spa d
020 _a840138124X
040 _aDO-SdBNP
_cDLC
_dDLC
082 _a863.6
_bC392n
100 1 _aCela, Camilo José,
_d1916-2002.
_93188
245 1 0 _aNuevas escenas matritenses /
_cCamilo José Cela.
260 _aBarcelona :
_bPlaza & Janés ,
_c1988.
300 _a301 p. ;
_c22 cm.
490 1 _aLiteraria
650 4 _aNovela española
_91123
650 4 _aLiteratura española
_9632
830 0 _aLiteraria
_921679
910 _aCatalogación derivada
910 _aWM
049 _aBNGR
999 _c15780
_d15780